Doctor Who Aliens: Seventh Doctor Quiz Stats

 Plays Quiz not verified by Sporcle

Score 0/26 Timer 10:00
0 Plays Today
Episode Alien % Correct
12. Remembrance of the (Answer)sDalek
95.8%
2. Time and the (Answer)The Rani
95.8%
1. AllTime Lord
91.7%
16. Silver NemesisCybermen
91.7%
6. Delta and the (Answer)Bannermen
85.4%
22. The Curse of (Answer)Fenric
83.3%
24. SurvivalThe Master
81.3%
13. Remembrance of the (#12)sKaled
80.9%
25. SurvivalCheetah People
79.2%
18. The Greatest Show in the GalaxyGods of Ragnarok
62.5%
4. Time and the (#2)Tetrap
60.4%
21. Ghost LightLight
60.4%
20. BattlefieldThe Destroyer
58.3%
Episode Alien % Correct
23. The Curse of (#22)Haemovore
56.3%
11. DragonfireDragon
47.9%
3. Time and the (#2)Lakertyan
37.5%
7. Delta and the (#6)Chimeron
37.5%
26. SurvivalKitling
22.9%
17. Silver NemesisValidium
16.7%
19. The Greatest Show in the GalaxyWerewolf
16.7%
10. DragonfireProamonian
8.3%
5. Time and the (#2)Time Brain
6.3%
14. The Happiness PatrolStigorax
6.3%
8. Delta and the (#6)Navarino
4.2%
15. The Happiness PatrolPipe Person
4.2%
9. DragonfireAndromedan
2.1%

You're not logged in!

Compare scores with friends on all Sporcle quizzes.
OR
Log In

Sporcle TV

Today on Sporcle TV


Watch our educational content, quiz creation guides, and fun videos on Sporcle TV.

Show Comments

Extras

Top Quizzes Today


Score Distribution

Your Account Isn't Verified!

In order to create a playlist on Sporcle, you need to verify the email address you used during registration. Go to your Sporcle Settings to finish the process.

Report this User

Report this user for behavior that violates our Community Guidelines.

Details: